000 01110cam a22002894a 4500
001 47549
005 20230410123519.0
008 021220t20012000dr bl 000 0 spa c
035 _a(OCoLC)ocm51262128
040 _aFUG
_cFUG
020 _z993450065
035 _a(OCoLC)51262128
042 _apcc
043 _anwdr---
050 1 4 _aKGQ 3323
_bC737 2001
245 0 0 _aCompilación de leyes, decretos y resoluciones para la administración y protección de los recursos costeros marinos de la República Dominicana /
_cFrancisco X. Geraldes ... [et al.].
250 _a1. ed.
260 _aSanto Domingo, República Dominicana :
_bMAMMA, Fundación Dominicana Pro-Investigación y Conservación de los Recursos Marinos,
_c2001, c2000.
300 _a121 p. ;
_c23 cm.
504 _aIncludes bibliographical references.
650 0 _aMarine resources development
_xLaw and legislation
_zDominican Republic.
650 0 _aMarine resources conservation
_xLaw and legislation
_zDominican Republic.
700 1 _aGeraldes, Francisco X.
942 _2lcc
_cbk
946 _amjcruz
994 _aC0
_bDRFGD
999 _c62959
_d62959